| 000 | 00389nam a22001577a 4500 | ||
|---|---|---|---|
| 999 |
_c5891 _d5889 |
||
| 005 | 20210828112231.0 | ||
| 008 | 190529b xxu||||| |||| 00| 0 eng d | ||
| 020 | _a978-81-85790-66-4 | ||
| 041 | _aeng | ||
| 100 |
_aPATIL ,D.J &others _96798 |
||
| 245 | _aHOSPITAL AND CLINICAL PHARMACY | ||
| 250 | _a8th, ED., 2019 | ||
| 260 |
_aPUNE _bNIRALI PRAKASHAN |
||
| 300 | _a10.4p, | ||
| 942 | _cBK | ||